Slovenian football league winners - Statistics

General Stats
  • This quiz has been taken 74 times
  • The average score is 6 of 8
Answer Stats
Winners Answer % Correct
15 Maribor
98%
4 Olimpija
93%
1 Celje
81%
1 Koper
75%
1 Mura
74%
2 Domžale
70%
2 Olimpija Ljubljana
60%
4 Gorica
54%
No matching quizzes found
Score Distribution
Percent of People with Each Score
Percentile by Number Answered
Your Score History
You have not taken this quiz